000 00234nam a2200097Ia 4500
001 775944
005 20250826165838.0
008 250824s9999 xx 000 0 und d
245 0 _aBUKRE
_cKAHRAMAN TAZEOĞLU
260 _bDESTEK YAYINLARI
999 _c775944
_d775944